Friends en 10 courtes vidéos #2 - Statistiques

Statistiques générales
  • Ce quiz a été pris 121 fois
  • Le résultat moyen est 6 sur 10
Statistiques - réponses
Vidéo Question Réponse % Correct
Parmi la bande, à qui Phoebe fait elle cette danse ? (question éliminatoire - une seule erreur acceptée) Chandler
99%
Quelle série TV Chandler regarde t-il dans cet extrait ? Alerte à Malibu
82%
Que reçoit Ross en pleine tête peu après cet extrait (en 5 lettres) ? palet
80%
Par quoi Ross prétend être attaqué dans cet extrait ? requin
72%
De quel pays vient la femme dans cet extrait ? Pays-Bas
70%
Dans cet extrait, Ross donne des cours. Quel accent Ross prend t-il dans la vo ? (c'est un accent mondain dans la vf) anglais (english/british)
54%
Dans cet extrait, Rachel tombe sur une liste que Ross a fait sur ses défauts. Dans cette liste, en vf, avec quel adjectif qualifie t-il les chevilles de Rachel ? Potelée
46%
Quelle célèbre actrice (jouant le rôle de Melissa Warburton ici) partage un baiser avec Rachel dans cet extrait ? Winona Ryder
46%
Evènement auquel participe Ross dans cet extrait en deux mots Spring break
43%
Dans quel type d'établissement travaille Hillary qui a un rencard ici avec Ross ? Restaurant (c'est la sous chef(fe) de Monica
14%
Aucun quiz correspondant
Distribution des résultats
% des personnes avec chaque résultat
Percentile par nombre de réponses
Votre historique - résultats
Vous n’avez pas pris ce quiz